[Event "Team junior-boys chess final 2016"]
[Site "Sochi"]
[Date "2016.05.08"]
[Round "7.2"]
[White "Skatchkov, Valery"]
[Black "Salemgareev, Tagir"]
[Result "0-1"]
[WhiteElo "2146"]
[BlackElo "2235"]
[PlyCount "124"]
[EventDate "2016.05.01"]

1. d4 Nf6 2. c4 e6 3. Nf3 Bb4+ 4. Bd2 Qe7 5. g3 Nc6 6. Bg2 O-O 7. O-O Bxd2 8.
Qxd2 d6 9. Nc3 e5 10. d5 Nb8 11. e4 a5 12. Ne1 Na6 13. Nd3 Nd7 14. f4 Nac5 15.
Nxc5 Nxc5 16. b3 Bd7 17. Qc2 Rfb8 18. a4 Ra6 19. h3 Rb6 20. Rab1 exf4 21. gxf4
Re8 22. Kh1 Qh4 23. Kh2 f5 24. exf5 Re3 25. Nb5 Nd3 26. Nd4 Nxf4 27. Nf3 Qh5
28. Nd4 Nxh3 29. Qd1 Qh6 30. Qd2 Nf4+ 31. Kg1 Nxg2 32. Qxg2 Qh4 33. Nf3 Qf6 34.
Nd2 Qd4 35. Rf2 Re2 36. f6 Qxf2+ 37. Qxf2 Rxf2 38. Kxf2 gxf6 39. Ke3 Kf7 40.
Rf1 h5 41. Kd4 Bg4 42. Kc3 Ra6 43. Ne4 f5 44. Ng5+ Kf6 45. Ne6 Ra8 46. Nxc7 Rh8
47. Kd4 h4 48. Ke3 h3 49. Kf4 h2 50. Rh1 Rh3 51. Ne8+ Ke7 52. Ng7 Rf3+ 53. Kg5
Rf2 54. Rb1 Kf7 55. Nh5 Bf3 56. Ng3 Rg2 57. Kf4 Rxg3 58. Kxg3 h1=Q 59. Rxh1
Bxh1 60. Kf4 Kf6 61. c5 dxc5 62. d6 Bc6 0-1

[Event "Team junior-boys chess final 2016"]
[Site "Sochi"]
[Date "2016.05.08"]
[Round "7.2"]
[White "Kalabukhov, Bogdan"]
[Black "Vdovin, Maxim"]
[Result "1-0"]
[WhiteElo "2056"]
[BlackElo "1946"]
[PlyCount "115"]
[EventDate "2016.05.01"]

1. d4 Nf6 2. Nf3 e6 3. Bf4 b6 4. e3 Bb7 5. Bd3 Be7 6. h3 O-O 7. O-O d6 8. Nbd2
Nbd7 9. c3 Re8 10. e4 e5 11. Be3 h6 12. d5 c6 13. c4 cxd5 14. cxd5 Nc5 15. Bb5
Rf8 16. Qb1 Ba6 17. a4 Bxb5 18. axb5 Qd7 19. b4 Nb7 20. Qd3 Rfc8 21. Ra3 Nd8
22. Rfa1 Qb7 23. Ra6 Nd7 24. Qa3 Rc7 25. Qa2 Qb8 26. Nc4 Rb7 27. Nfd2 f6 28. g3
Nf7 29. f4 g6 30. f5 g5 31. Nb1 Qc7 32. Qe2 Kg7 33. Nbd2 Bd8 34. Kf2 Kf8 35.
Qd3 Ke7 36. Nb2 Qb8 37. Ndc4 Ke8 38. Kg2 Ke7 39. Qe2 Ke8 40. Na4 Ke7 41. Qf2
Qc8 42. Qe2 Qb8 43. Qa2 Ke8 44. h4 Ke7 45. hxg5 hxg5 46. Rc1 Bc7 47. Nab2 Qg8
48. Nd3 Nh6 49. Nf2 Qf8 50. Ra3 Qg7 51. Rac3 Kd8 52. Qc2 Rab8 53. Na5 bxa5 54.
Rxc7 Rxb5 55. Bxa7 Ra8 56. Rc8+ Rxc8 57. Qxc8+ Ke7 58. Rc7 1-0

[Event "Team junior-boys chess final 2016"]
[Site "Sochi"]
[Date "2016.05.08"]
[Round "7.2"]
[White "Suvorov, Aleksandr"]
[Black "Dudin, Gleb"]
[Result "1-0"]
[WhiteElo "1938"]
[BlackElo "1857"]
[PlyCount "75"]
[EventDate "2016.05.01"]

1. e4 e6 2. d4 d5 3. exd5 exd5 4. c4 Bb4+ 5. Nc3 Ne7 6. Nf3 O-O 7. Be2 c6 8.
O-O Qc7 9. Be3 Be6 10. Ng5 Bf5 11. cxd5 Nxd5 12. Nxd5 cxd5 13. Qb3 Qd6 14. a3
Ba5 15. Qxb7 Nd7 16. Qa6 Qxa6 17. Bxa6 Rab8 18. b4 Bd8 19. Rac1 Rb6 20. Bc8 Rg6
21. f4 Re8 22. Rfe1 Rd6 23. Bd2 Re4 24. b5 Bxg5 25. fxg5 Be6 26. Bb4 Rxe1+ 27.
Rxe1 Rb6 28. Rxe6 fxe6 29. Bxd7 Kf7 30. a4 Rb7 31. Bc6 Rc7 32. Bd6 Rc8 33. Bc5
Rc7 34. a5 h6 35. gxh6 gxh6 36. b6 axb6 37. axb6 Rxc6 38. b7 1-0

[Event "Team junior-boys chess final 2016"]
[Site "Sochi"]
[Date "2016.05.08"]
[Round "7.2"]
[White "Dunaev, Denis"]
[Black "Bobkov, Vadim"]
[Result "0-1"]
[WhiteElo "1628"]
[BlackElo "1887"]
[PlyCount "96"]
[EventDate "2016.05.01"]

1. d4 Nf6 2. Nf3 d5 3. c4 e6 4. Nc3 Be7 5. Bg5 O-O 6. e3 h6 7. h4 b6 8. Bf4 c5
9. Qc2 Nc6 10. O-O-O Bb7 11. Be2 Rc8 12. dxc5 bxc5 13. Ne5 Qb6 14. Nxc6 Bxc6
15. Rhg1 d4 16. Nb1 Nd7 17. h5 e5 18. Bh2 e4 19. Qd2 Bg5 20. Bf4 Bxf4 21. exf4
Rb8 22. b3 a5 23. Kb2 a4 24. Rde1 Qb4 25. Qxb4 Rxb4 26. Bd1 axb3 27. Bxb3 f5
28. Kc2 Nf6 29. Rh1 Ng4 30. Ref1 Ba4 31. Na3 Ra8 32. Kb2 Kf8 33. Rhg1 Rab8 34.
Nc2 R4b6 35. Na1 Bxb3 36. axb3 Ra8 37. Nc2 Rba6 38. f3 Nf6 39. Ra1 Rxa1 40.
Rxa1 Rxa1 41. Kxa1 Nxh5 42. fxe4 fxe4 43. f5 Ng3 44. b4 d3 45. Ne3 d2 46. Kb2
Nxf5 47. Nd1 e3 48. Kc2 e2 0-1

[Event "Team junior-boys chess final 2016"]
[Site "Sochi"]
[Date "2016.05.08"]
[Round "7.3"]
[White "Tsoi, Dmitry"]
[Black "Plaksin, Igor"]
[Result "1-0"]
[WhiteElo "2127"]
[BlackElo "1621"]
[PlyCount "83"]
[EventDate "2016.05.01"]

1. e4 e5 2. Nf3 Nc6 3. Bb5 a6 4. Ba4 Nf6 5. O-O Be7 6. Re1 b5 7. Bb3 d6 8. c3
O-O 9. h3 Na5 10. Bc2 c5 11. d4 Qc7 12. d5 Nc4 13. b3 Nb6 14. Be3 Bd7 15. Nbd2
Nc8 16. Nf1 Bd8 17. Kh2 Ne7 18. g4 Ne8 19. Ng3 g6 20. Rg1 Ng7 21. Bh6 Kh8 22.
Qd2 Ng8 23. Rg2 a5 24. Rag1 a4 25. bxa4 bxa4 26. Nh5 Nxh5 27. gxh5 Re8 28. hxg6
fxg6 29. Ng5 Bxg5 30. Qxg5 Qd8 31. Qh5 Qe7 32. Rxg6 Nf6 33. Rxf6 Qxf6 34. Bg7+
Qxg7 35. Rxg7 Kxg7 36. Qg5+ Kf7 37. Bd1 Rg8 38. Bh5+ Rg6 39. Qh6 Rag8 40. Qxh7+
Kf6 41. Bxg6 Rg7 42. Qh6 1-0

[Event "Team junior-boys chess final 2016"]
[Site "Sochi"]
[Date "2016.05.08"]
[Round "7.3"]
[White "Smelykh, Edvin"]
[Black "Tsvetkov, Andrey"]
[Result "0-1"]
[WhiteElo "1664"]
[BlackElo "2036"]
[PlyCount "58"]
[EventDate "2016.05.01"]

1. e4 e6 2. d4 d5 3. Nd2 Nc6 4. Ngf3 Nf6 5. e5 Nd7 6. c3 f6 7. exf6 Qxf6 8. Bd3
Bd6 9. Qc2 e5 10. dxe5 Ndxe5 11. O-O Be6 12. Bb5 O-O-O 13. Nd4 Nxd4 14. cxd4
Ng6 15. Nf3 Nf4 16. Bxf4 Bxf4 17. Rfe1 Bd6 18. Bd3 Kb8 19. b4 Rhe8 20. Ne5 Bc8
21. Rac1 Re7 22. b5 Qh4 23. g3 Qxd4 24. Nc6+ bxc6 25. Rxe7 Bxe7 26. bxc6 a6 27.
Qb3+ Ka8 28. Rb1 Qa7 29. Qc3 Rf8 0-1

[Event "Team junior-boys chess final 2016"]
[Site "Sochi"]
[Date "2016.05.08"]
[Round "7.3"]
[White "Stukan, Martin"]
[Black "Ivanov, Ilya"]
[Result "1-0"]
[WhiteElo "1956"]
[BlackElo "1669"]
[PlyCount "71"]
[EventDate "2016.05.01"]

1. e4 e6 2. d4 d5 3. Nc3 Nf6 4. Bg5 Be7 5. e5 Nfd7 6. h4 a6 7. Qg4 Bxg5 8. hxg5
c5 9. g6 f5 10. Qf4 h6 11. Nf3 O-O 12. Ne2 Nc6 13. O-O-O Qe8 14. Qh2 cxd4 15.
Nexd4 Qxg6 16. Be2 Nc5 17. Nxc6 bxc6 18. Nd4 Ne4 19. Bh5 Qg5+ 20. f4 Qg3 21.
Nxc6 Qe3+ 22. Kb1 Qc5 23. Nd4 Nf2 24. g4 Nxh1 25. g5 Ra7 26. Bg6 Rb7 27. b3 Rd8
28. Rxh1 Qe7 29. Nc6 Qf8 30. Nxd8 Qxd8 31. gxh6 Qe7 32. Rg1 Qc5 33. hxg7 Rxg7
34. Rh1 Kf8 35. Qh8+ Ke7 36. Qe8# 1-0

[Event "Team junior-boys chess final 2016"]
[Site "Sochi"]
[Date "2016.05.08"]
[Round "7.3"]
[White "Kirushin, Ivan"]
[Black "Tarasov, Danila"]
[Result "1/2-1/2"]
[WhiteElo "1625"]
[BlackElo "1859"]
[PlyCount "101"]
[EventDate "2016.05.01"]

1. e4 Nf6 2. Nc3 d5 3. e5 Nfd7 4. e6 fxe6 5. d4 c5 6. Bd3 Nf6 7. Bg5 g6 8. Nf3
Bg7 9. Bb5+ Bd7 10. O-O Qb6 11. dxc5 Qxc5 12. Bxd7+ Nbxd7 13. Qe2 Qb6 14. Rfe1
Nc5 15. Nd4 Nfe4 16. Be3 Qd6 17. Nxe4 Nxe4 18. Qb5+ Qd7 19. Nxe6 Qxb5 20. Nc7+
Kd7 21. Nxb5 a6 22. Nd4 e5 23. Nf3 Nd6 24. c3 e4 25. Bd4 exf3 26. Bxg7 Rhe8 27.
gxf3 Nf5 28. Bf6 Rf8 29. Bg5 h6 30. Be3 g5 31. Rad1 Kc6 32. Re2 Nh4 33. Rc2
Nxf3+ 34. Kh1 b5 35. b3 Rad8 36. a3 h5 37. Rdc1 g4 38. c4 bxc4 39. bxc4 d4 40.
Bd2 Rb8 41. Bb4 Rfe8 42. Rd1 Re5 43. Kg2 a5 44. Bd2 Re2 45. h3 Rb3 46. hxg4
hxg4 47. Ra2 Rd3 48. Bxa5 Rxf2+ 49. Kxf2 Rxd1 50. Bb4 Rc1 51. Kg3 1/2-1/2

[Event "Team junior-boys chess final 2016"]
[Site "Sochi"]
[Date "2016.05.08"]
[Round "7.4"]
[White "Yarygin, Maksim"]
[Black "Pavlov, Danila"]
[Result "1-0"]
[WhiteElo "1930"]
[BlackElo "2094"]
[PlyCount "95"]
[EventDate "2016.05.01"]

1. Nf3 Nf6 2. g3 g6 3. Bg2 Bg7 4. O-O O-O 5. d3 d6 6. Nbd2 Nbd7 7. c4 e5 8. Qc2
c6 9. b3 Ne8 10. Bb2 f5 11. e3 g5 12. Ne1 g4 13. f4 Qb6 14. Kf2 exf4 15. gxf4
Nef6 16. d4 d5 17. Nd3 g3+ 18. Kxg3 Ng4 19. Rae1 Ndf6 20. Bh3 Re8 21. Ne5 dxc4
22. Ndxc4 Qd8 23. Bxg4 Nxg4 24. Nxg4 fxg4 25. f5 Qg5 26. e4 Qh5 27. Kg2 Rf8 28.
Nd6 b6 29. e5 Ba6 30. Nc4 c5 31. d5 Rad8 32. Rd1 Bb7 33. Qe4 b5 34. Ne3 Qh3+
35. Kg1 g3 36. hxg3 Qxg3+ 37. Ng2 Rde8 38. Rd3 Qg5 39. Rff3 c4 40. Rde3 h5 41.
Rg3 Qh6 42. e6 Rf6 43. Bxf6 Qxf6 44. Rg6 Qa1+ 45. Re1 Qc3 46. f6 Qxf6 47. Rxf6
Bxf6 48. Qg6+ 1-0

[Event "Team junior-boys chess final 2016"]
[Site "Sochi"]
[Date "2016.05.08"]
[Round "7.4"]
[White "Babunov, Alexander"]
[Black "Vetokhin, Ilia"]
[Result "1-0"]
[WhiteElo "1780"]
[BlackElo "1799"]
[PlyCount "113"]
[EventDate "2016.05.01"]

1. d4 Nf6 2. c4 g6 3. Nc3 Bg7 4. e4 d6 5. Nge2 O-O 6. Ng3 h5 7. h4 Nc6 8. d5
Ne5 9. Be2 c6 10. Bf4 Nfd7 11. Qd2 a6 12. Bh6 Nf6 13. Bf4 Nfd7 14. Be3 Nf6 15.
Bd4 c5 16. Bxe5 dxe5 17. O-O-O Qd6 18. Nf1 Bd7 19. Ne3 b5 20. Bd3 Bh6 21. Rhf1
b4 22. Ne2 Ng4 23. Kb1 Nxe3 24. fxe3 Bg4 25. Rde1 Rad8 26. Nc1 Qd7 27. Be2 Rc8
28. Nd3 Bg7 29. Nf2 Bxe2 30. Qxe2 f5 31. exf5 Qxf5+ 32. e4 Qd7 33. g4 hxg4 34.
Nxg4 Rxf1 35. Rxf1 Rf8 36. Rxf8+ Kxf8 37. Qf3+ Kg8 38. Ne3 Qc8 39. h5 gxh5 40.
Qxh5 Qf8 41. Nf5 Qf7 42. Qg5 Kf8 43. Qg1 Bf6 44. Qxc5 Qh5 45. Kc2 Qe2+ 46. Kb3
Qxe4 47. Qc8+ Kf7 48. Qe6+ Kf8 49. d6 Qd3+ 50. Ka4 Ke8 51. Nxe7 Qb1 52. Ka5 b3
53. Nd5+ Kd8 54. Qxf6+ Kc8 55. d7+ Kb7 56. Qb6+ Ka8 57. Nc7# 1-0

[Event "Team junior-boys chess final 2016"]
[Site "Sochi"]
[Date "2016.05.08"]
[Round "7.4"]
[White "Novikov, Roman"]
[Black "Saratovskiy, Dmitiy"]
[Result "1/2-1/2"]
[WhiteElo "1711"]
[BlackElo "1938"]
[PlyCount "94"]
[EventDate "2016.05.01"]

1. d4 f5 2. Nf3 Nf6 3. c4 g6 4. Nc3 Bg7 5. g3 O-O 6. Bg2 d6 7. Qc2 Qe8 8. O-O
e5 9. dxe5 dxe5 10. Rd1 Na6 11. b3 e4 12. Nd4 b6 13. Ba3 Rf7 14. Rac1 Bb7 15.
Na4 c6 16. b4 Nc7 17. Nb3 Rd8 18. Bb2 Rfd7 19. c5 b5 20. Nc3 Nfd5 21. Nxd5 Nxd5
22. a3 Nxb4 23. axb4 Rxd1+ 24. Rxd1 Rxd1+ 25. Qxd1 Bxb2 26. Na5 Qf7 27. Nxb7
Bc3 28. Qd8+ Qf8 29. Qd7 Qf6 30. Nd6 Bxb4 31. Qxc6 Qe5 32. Qxb5 Bxc5 33. Qe8+
Qxe8 34. Nxe8 a5 35. e3 Kf7 36. Nc7 Kf6 37. Bf1 g5 38. Nb5 Ke5 39. Bc4 f4 40.
gxf4+ gxf4 41. exf4+ Kxf4 42. Kg2 a4 43. Nc3 a3 44. Ne2+ Ke5 45. f3 exf3+ 46.
Kxf3 h6 47. Kg4 Ke4 1/2-1/2

[Event "Team junior-boys chess final 2016"]
[Site "Sochi"]
[Date "2016.05.09"]
[Round "8.1"]
[White "Plaksin, Igor"]
[Black "Shemyakin, Valeriy"]
[Result "0-1"]
[WhiteElo "1621"]
[BlackElo "2077"]
[PlyCount "54"]
[EventDate "2016.05.01"]

1. e4 g6 2. d4 Bg7 3. Nc3 c6 4. Bc4 d6 5. Nf3 Nf6 6. Bb3 b5 7. Bg5 b4 8. Bxf6
exf6 9. Nb1 Ba6 10. Nbd2 Qe7 11. c3 f5 12. Qc2 bxc3 13. bxc3 Nd7 14. O-O-O f4
15. Rhe1 O-O 16. h4 c5 17. d5 c4 18. Ba4 Nc5 19. Nf1 Nd3+ 20. Kd2 Rab8 21. Rb1
Nxe1 22. Rxe1 Qd8 23. Rb1 Qa5 24. Rxb8 Rxb8 25. Bc6 Bxc3+ 26. Kd1 Rb2 27. Qa4
Qb6 0-1

[Event "Team junior-boys chess final 2016"]
[Site "Sochi"]
[Date "2016.05.09"]
[Round "8.1"]
[White "Koren, Vladimir"]
[Black "Smelykh, Edvin"]
[Result "1/2-1/2"]
[WhiteElo "1826"]
[BlackElo "1664"]
[PlyCount "122"]
[EventDate "2016.05.01"]

1. e4 c5 2. c3 d5 3. exd5 Qxd5 4. d4 Nf6 5. Nf3 Bg4 6. Be2 e6 7. O-O Nc6 8. Be3
cxd4 9. cxd4 Be7 10. Nc3 Qa5 11. h3 Bh5 12. a3 a6 13. b4 Qd8 14. Qd2 Rc8 15.
Rfd1 Nxb4 16. Rab1 Nbd5 17. Nxd5 Nxd5 18. Rxb7 Nc3 19. Re1 Nxe2+ 20. Qxe2 O-O
21. g4 Bg6 22. Ne5 Bf6 23. Nxg6 hxg6 24. Rd1 Qd5 25. Rb6 Qe4 26. Rxa6 Rc2 27.
Qd3 Qxd3 28. Rxd3 Rb8 29. Ra7 Rb1+ 30. Kg2 Bh4 31. d5 exd5 32. Ra8+ Kh7 33. Ra4
Rbb2 34. Rf4 Bg5 35. Rxf7 Bxe3 36. Rxe3 d4 37. Rd3 Rd2 38. Rff3 Rbc2 39. a4
Rxd3 40. Rxd3 Rc4 41. a5 Ra4 42. Kg3 Rxa5 43. Rxd4 Ra3+ 44. f3 Ra1 45. f4 Ra3+
46. Kh4 Rb3 47. Rd6 Rb5 48. Rd1 Rc5 49. Rd3 Rb5 50. Kg3 Rb1 51. Rd5 Rb3+ 52.
Kh4 Rf3 53. f5 gxf5 54. gxf5 Kh6 55. Rd6+ Kh7 56. Kg4 Rb3 57. h4 Rb4+ 58. Kg5
Rb1 59. Rd7 Rg1+ 60. Kh5 Rf1 61. Rd5 Rxf5+ 1/2-1/2

[Event "Team junior-boys chess final 2016"]
[Site "Sochi"]
[Date "2016.05.09"]
[Round "8.1"]
[White "Ivanov, Ilya"]
[Black "Babunov, Alexander"]
[Result "0-1"]
[WhiteElo "1669"]
[BlackElo "1780"]
[PlyCount "110"]
[EventDate "2016.05.01"]

1. d4 Nf6 2. c4 c5 3. d5 b5 4. cxb5 a6 5. b6 Qxb6 6. Nc3 d6 7. e4 g6 8. Nf3 Bg7
9. Bd3 Nbd7 10. O-O O-O 11. Qe2 Ng4 12. Bf4 Nge5 13. Nxe5 Nxe5 14. Bxe5 Bxe5
15. Kh1 Rb8 16. Rab1 Qa5 17. Qc2 Bd7 18. f4 Bg7 19. Rfe1 Rfc8 20. e5 dxe5 21.
fxe5 c4 22. Bf1 Bf5 23. Ne4 Qxd5 24. Rbd1 Qxe5 25. Bxc4 Qxb2 26. Qxb2 Rxb2 27.
Bb3 a5 28. Ng5 Rf8 29. Rxe7 Rxb3 30. axb3 Bf6 31. Ra7 Bxg5 32. Rxa5 Rb8 33. Rd4
Bf6 34. Rf4 Be7 35. Rf3 Be6 36. Re5 Bd6 37. Ree3 Rc8 38. Rf1 Rc2 39. Rd3 Be7
40. h3 Rb2 41. Rff3 Bf5 42. Rd4 Bf6 43. Rb4 Be5 44. Rf1 Be6 45. Rb5 Bd6 46. Rd1
Bg3 47. b4 h5 48. Rd8+ Kg7 49. Rd1 h4 50. Rc1 Bd6 51. Rb6 Bxb4 52. Rc7 Bd5 53.
Rb5 Rb1+ 54. Kh2 Bd6+ 55. g3 hxg3# 0-1

[Event "Team junior-boys chess final 2016"]
[Site "Sochi"]
[Date "2016.05.09"]
[Round "8.1"]
[White "Saratovskiy, Dmitiy"]
[Black "Kirushin, Ivan"]
[Result "1-0"]
[WhiteElo "1938"]
[BlackElo "1625"]
[PlyCount "83"]
[EventDate "2016.05.01"]

1. d4 e6 2. c4 b6 3. Nc3 Bb7 4. e4 Bb4 5. Bd3 Nf6 6. f3 O-O 7. Nge2 d6 8. O-O
e5 9. d5 Kh8 10. Qe1 Nfd7 11. Ng3 Bc8 12. Kh1 Rg8 13. Nf5 Nc5 14. Bc2 Bxf5 15.
exf5 Nbd7 16. Qg3 Bxc3 17. bxc3 f6 18. Qh4 Qe7 19. g4 h6 20. Rg1 e4 21. fxe4
Rae8 22. g5 Nf8 23. gxh6 gxh6 24. Bxh6 Nh7 25. Rxg8+ Rxg8 26. Rg1 Nd7 27. Bd1
Ne5 28. Bh5 Qd8 29. Rg3 Qd7 30. Bg6 Qa4 31. Be3 Qd1+ 32. Bg1 Nxg6 33. fxg6 Rg7
34. gxh7 Rxg3 35. Qxg3 Kxh7 36. Kg2 Qe2+ 37. Kh3 Qxc4 38. Bd4 Qf1+ 39. Qg2 Qd3+
40. Kh4 Qb5 41. Bxf6 Qd7 42. Qg5 1-0

[Event "Team junior-boys chess final 2016"]
[Site "Sochi"]
[Date "2016.05.09"]
[Round "8.2"]
[White "Salemgareev, Tagir"]
[Black "Tsoi, Dmitry"]
[Result "1-0"]
[WhiteElo "2235"]
[BlackElo "2127"]
[PlyCount "113"]
[EventDate "2016.05.01"]

1. d4 d5 2. Nf3 Nf6 3. c4 e6 4. g3 Bb4+ 5. Nbd2 c6 6. Qc2 Nbd7 7. Bg2 Ne4 8.
O-O Ndf6 9. a3 Be7 10. Nxe4 Nxe4 11. Ne5 f6 12. Nd3 Nd6 13. b3 O-O 14. Bb2 Qe8
15. c5 Nf7 16. e4 Bd8 17. Rfe1 Qd7 18. Rad1 Bc7 19. Bc1 Qd8 20. b4 Bd7 21. b5
Qc8 22. Qb3 Nd8 23. Nb4 Ba5 24. Bf4 Nf7 25. bxc6 bxc6 26. Qa4 Bxb4 27. axb4 g5
28. Bd2 Qc7 29. f4 gxf4 30. Bxf4 e5 31. Be3 dxe4 32. dxe5 f5 33. Qa2 Rfe8 34.
Rd6 Qc8 35. Rf6 Be6 36. Qe2 Qc7 37. Bf4 a5 38. Bh3 axb4 39. Bxf5 Bxf5 40. e6
Rxe6 41. Bxc7 Rxf6 42. Bf4 b3 43. Qb2 Rg6 44. Qxb3 Rf8 45. Qa4 Nd8 46. Bd6 Re8
47. Qc4+ Kh8 48. Rf1 Bh3 49. Qd4+ Kg8 50. Rf6 e3 51. Rxg6+ hxg6 52. Qf6 Bf5 53.
Be5 Rxe5 54. Qxe5 Kf7 55. Qxe3 Ne6 56. Qe5 Bg4 57. Qe4 1-0

[Event "Team junior-boys chess final 2016"]
[Site "Sochi"]
[Date "2016.05.09"]
[Round "8.2"]
[White "Tsvetkov, Andrey"]
[Black "Kalabukhov, Bogdan"]
[Result "1/2-1/2"]
[WhiteElo "2036"]
[BlackElo "2056"]
[PlyCount "117"]
[EventDate "2016.05.01"]

1. d4 d5 2. Nf3 e6 3. g3 b5 4. Bg2 Bb7 5. O-O Nf6 6. Nbd2 c5 7. dxc5 Bxc5 8. b3
O-O 9. Bb2 Nbd7 10. Ne1 e5 11. c4 bxc4 12. bxc4 e4 13. cxd5 e3 14. fxe3 Nxd5
15. Nc2 Nxe3 16. Nxe3 Bxe3+ 17. Kh1 Bxg2+ 18. Kxg2 Nb6 19. Nf3 Qxd1 20. Raxd1
Nc4 21. Rd3 Rfe8 22. Bc3 Bb6 23. Re1 Ne3+ 24. Kh3 Nc2 25. Rc1 Ne3 26. Bd4 h5
27. Bxe3 Bxe3 28. Rc2 Re7 29. Rd5 g6 30. Re5 Rae8 31. Rxe7 Rxe7 32. Ne1 Kg7 33.
Kg2 Bb6 34. Nd3 Re4 35. Kf3 Re3+ 36. Kf4 h4 37. Rb2 hxg3 38. hxg3 f5 39. Rc2
Re4+ 40. Kf3 g5 41. Nb2 g4+ 42. Kg2 Kf6 43. Nd3 Kg5 44. Nf4 Be3 45. Nd3 f4 46.
Rc8 fxg3 47. Kxg3 Bb6 48. Rg8+ Kf6 49. Rxg4 Rxe2 50. Nb4 Kf5 51. Rc4 a5 52. Nd5
Bf2+ 53. Kf3 Rxa2 54. Ne3+ Ke5 55. Rc2 Rxc2 56. Nxc2 Kd5 57. Kxf2 Kc4 58. Ke2
Kb3 59. Kd2 1/2-1/2

[Event "Team junior-boys chess final 2016"]
[Site "Sochi"]
[Date "2016.05.09"]
[Round "8.2"]
[White "Dudin, Gleb"]
[Black "Stukan, Martin"]
[Result "0-1"]
[WhiteElo "1857"]
[BlackElo "1956"]
[PlyCount "72"]
[EventDate "2016.05.01"]

1. d4 Nf6 2. Nf3 d5 3. c4 e6 4. g3 Bb4+ 5. Nbd2 dxc4 6. Qa4+ Nc6 7. a3 Bxd2+ 8.
Bxd2 Qd5 9. Bc3 b5 10. Qc2 Qe4 11. Qxe4 Nxe4 12. Bg2 Bb7 13. Nd2 Nxd2 14. Kxd2
O-O-O 15. e3 e5 16. Bxc6 Bxc6 17. Rhe1 Bf3 18. Kc1 exd4 19. exd4 Rhe8 20. Re3
Be4 21. a4 b4 22. Bxb4 Rxd4 23. Bc3 Rd5 24. Ra3 Rf5 25. f4 g5 26. fxg5 Rf2 27.
h4 Rc2+ 28. Kd1 Rd8+ 29. Ke1 Bd3 30. Bf6 Rd5 31. Re8+ Kb7 32. a5 Rf5 33. a6+
Kc6 34. Kd1 Rg2 35. Re3 Rf1+ 36. Re1 Bc2+ 0-1

[Event "Team junior-boys chess final 2016"]
[Site "Sochi"]
[Date "2016.05.09"]
[Round "8.2"]
[White "Tarasov, Danila"]
[Black "Dunaev, Denis"]
[Result "1/2-1/2"]
[WhiteElo "1859"]
[BlackElo "1628"]
[PlyCount "83"]
[EventDate "2016.05.01"]

1. Nc3 e6 2. e4 d5 3. Nf3 Nf6 4. e5 Nfd7 5. d4 c5 6. dxc5 Bxc5 7. Bd3 Nc6 8.
Bf4 Qb6 9. O-O a6 10. a3 Qc7 11. Re1 h6 12. b4 Be7 13. Ne2 Ncxe5 14. Nxe5 Nxe5
15. Bxe5 Qxe5 16. Ng3 Qc7 17. Qg4 Bf6 18. Rad1 g6 19. Qf3 Be7 20. c4 dxc4 21.
Rc1 O-O 22. Rxc4 Qb6 23. Rec1 Bd7 24. Be4 Rab8 25. Qg4 Bg5 26. Bb1 f5 27. Qd1
Bb5 28. Rc5 Bxc1 29. Qxc1 Rbd8 30. h4 Qd6 31. Qxh6 Be8 32. Ba2 Bf7 33. Nf1 Rc8
34. Ne3 Rxc5 35. bxc5 Qe5 36. Bc4 Rc8 37. Qg5 Rxc5 38. h5 f4 39. Qd8+ Kg7 40.
h6+ Kh7 41. Ng4 Qa1+ 42. Bf1 1/2-1/2

[Event "Team junior-boys chess final 2016"]
[Site "Sochi"]
[Date "2016.05.09"]
[Round "8.3"]
[White "Golikov, Daniil"]
[Black "Skatchkov, Valery"]
[Result "1-0"]
[WhiteElo "2152"]
[BlackElo "2146"]
[PlyCount "75"]
[EventDate "2016.05.01"]

1. d4 d5 2. c4 c6 3. Nf3 Nf6 4. e3 Bf5 5. cxd5 cxd5 6. Qb3 Qb6 7. Qxb6 axb6 8.
Nc3 Nc6 9. Bb5 Bd7 10. Ke2 e6 11. Bd2 Bd6 12. Ne1 Ne4 13. Bd3 Nxc3+ 14. bxc3
O-O 15. Nc2 e5 16. f3 f5 17. Kf2 e4 18. Be2 f4 19. exf4 Bxf4 20. Bxf4 Rxf4 21.
Rhb1 Rf6 22. Ne3 Ne7 23. Rb3 Raf8 24. Kg1 Re6 25. c4 Rg6 26. fxe4 Nc6 27. Nxd5
Re8 28. Bh5 Nxd4 29. Bxg6 hxg6 30. Rxb6 Bc6 31. Nb4 Bxe4 32. Re1 Kf8 33. Nd5
Nc2 34. Rf1+ Kg8 35. Rxb7 Ne3 36. Ne7+ Rxe7 37. Rxe7 Nxf1 38. Rxe4 1-0

[Event "Team junior-boys chess final 2016"]
[Site "Sochi"]
[Date "2016.05.09"]
[Round "8.3"]
[White "Vdovin, Maxim"]
[Black "Shinkevich, Maksim"]
[Result "0-1"]
[WhiteElo "1946"]
[BlackElo "1940"]
[PlyCount "88"]
[EventDate "2016.05.01"]

1. e4 c5 2. d4 cxd4 3. c3 dxc3 4. Nxc3 Nc6 5. Nf3 e6 6. Bc4 a6 7. Qe2 Nge7 8.
Bg5 h6 9. Bh4 g5 10. Bg3 Ng6 11. O-O h5 12. h3 Bg7 13. Rad1 b5 14. Bd5 Bb7 15.
Bxc6 Bxc6 16. Nd5 O-O 17. Bc7 Qe8 18. Nb6 Ra7 19. Bd6 Rb7 20. Qe3 Qd8 21. Bxf8
Bxf8 22. Nd5 b4 23. Nxg5 exd5 24. exd5 Bb5 25. Rfe1 d6 26. Qg3 Be7 27. Ne6 Qb6
28. Nf4 Bh4 29. Qf3 Qxf2+ 30. Qxf2 Bxf2+ 31. Kxf2 Nxf4 32. Re3 Rc7 33. Kg3 Ng6
34. Rd2 Ne7 35. Kf4 Bc4 36. Kg5 Nxd5 37. Re8+ Kg7 38. Rc2 Rc5 39. Kh4 Bxa2 40.
Rxc5 dxc5 41. Ra8 c4 42. Rxa6 b3 43. Ra5 c3 44. Rxd5 cxb2 0-1

[Event "Team junior-boys chess final 2016"]
[Site "Sochi"]
[Date "2016.05.09"]
[Round "8.3"]
[White "Levdansky, Alexey"]
[Black "Suvorov, Aleksandr"]
[Result "1-0"]
[WhiteElo "1962"]
[BlackElo "1938"]
[PlyCount "93"]
[EventDate "2016.05.01"]

1. d4 d5 2. Nf3 Nf6 3. c4 e6 4. g3 dxc4 5. Qa4+ Nbd7 6. Bg2 a6 7. Qxc4 b5 8.
Qc6 Rb8 9. Bf4 Bb7 10. Qc1 Rc8 11. O-O c5 12. Qd1 cxd4 13. Qxd4 Bc5 14. Qd1 Qb6
15. e3 O-O 16. Ne5 Rfd8 17. Qe2 Nxe5 18. Bxe5 Nd7 19. Bxb7 Qxb7 20. Bd4 Bxd4
21. exd4 Nf6 22. Rd1 Rc4 23. Qe3 Qb6 24. Nc3 Rcxd4 25. Rxd4 Qxd4 26. Rd1 Qxd1+
27. Nxd1 Rxd1+ 28. Kg2 h6 29. Qa7 Rd2 30. h3 Rxb2 31. Qxa6 b4 32. Kf3 Nd5 33.
Qc8+ Kh7 34. Qc1 Rxa2 35. Qb1+ g6 36. Qxa2 h5 37. g4 hxg4+ 38. hxg4 Kg7 39.
Qb2+ Kh7 40. Ke4 Nc3+ 41. Ke5 Nd5 42. f4 Kg8 43. f5 Ne3 44. Qe2 Nd5 45. Qd2 b3
46. fxe6 fxe6 47. Kxe6 1-0

[Event "Team junior-boys chess final 2016"]
[Site "Sochi"]
[Date "2016.05.09"]
[Round "8.3"]
[White "Bobkov, Vadim"]
[Black "Zemnitskiy, Alexander"]
[Result "1-0"]
[WhiteElo "1887"]
[BlackElo "2024"]
[PlyCount "89"]
[EventDate "2016.05.01"]

1. d4 d5 2. c4 c6 3. Nc3 e5 4. dxe5 d4 5. Ne4 Qa5+ 6. Bd2 Qxe5 7. Ng3 Nf6 8.
Nf3 Qd6 9. e3 c5 10. exd4 cxd4 11. Bd3 Nc6 12. O-O Be7 13. Re1 O-O 14. h3 Bd8
15. a3 a5 16. b4 Bc7 17. Qb3 Be6 18. Nf5 Qd7 19. b5 Bxf5 20. bxc6 bxc6 21. Bxf5
Qxf5 22. Nxd4 Qd7 23. Bc3 a4 24. Qc2 Ba5 25. Rad1 Bxc3 26. Qxc3 Rfe8 27. Rxe8+
Rxe8 28. Qc2 Rd8 29. Rd2 Qe7 30. Qc1 Qc5 31. Ne6 fxe6 32. Rxd8+ Kf7 33. Rd3 e5
34. Qc2 e4 35. Re3 g5 36. Qxa4 g4 37. h4 Nh5 38. g3 Nf6 39. Qb4 Qa7 40. a4 Qd7
41. a5 Ke6 42. a6 Qd4 43. Qc3 Qd1+ 44. Re1 Qa4 45. Ra1 1-0

[Event "Team junior-boys chess final 2016"]
[Site "Sochi"]
[Date "2016.05.09"]
[Round "8.4"]
[White "Egorov, Alexey"]
[Black "Nesterov, Arseniy"]
[Result "1-0"]
[WhiteElo "1817"]
[BlackElo "2273"]
[PlyCount "65"]
[EventDate "2016.05.01"]

1. e4 e6 2. d4 d5 3. exd5 exd5 4. c4 Nf6 5. Nc3 Be7 6. Nf3 O-O 7. cxd5 Nxd5 8.
Bd3 Bg4 9. O-O Nc6 10. h3 Bxf3 11. Qxf3 Nf6 12. Be3 Nxd4 13. Qxb7 Rb8 14. Qxa7
Nf3+ 15. gxf3 Qxd3 16. Qxc7 Bd6 17. Qa5 Bb4 18. Qe5 Bxc3 19. bxc3 Rb5 20. Qd4
Qg6+ 21. Kh2 Qh5 22. Rg1 Rf5 23. f4 h6 24. Rg3 Kh8 25. c4 Qh4 26. Rb1 Ra5 27.
Rb2 Rc8 28. Rc2 Ra4 29. Qd3 Qh5 30. Bd4 Qh4 31. Be5 Rc6 32. Qd8+ Kh7 33. Qf8
1-0